000 01580nam0a22002651 4500
001 rc\2927890
005 20250529225902.0
035 _a(NLR Aleph) 007077552
090 _a6443495
_c6443495
100 _a20071207d1933 |||y0rusy50 ca
101 1 _arus
_cger
102 _aRU
105 _aa z ||||y
200 1 _aТеория машин переменного тока с введением в теорию установившихся переменных токов
_eДопущено Ком-том по высш. техн. образ. при ЦИК СССР в качестве учеб. пособия для втузов на уч. 1933-34 год
_fО. Брагстад, проф. и дир. Высш. техн. училища в Дронтгейме
_gОбработал проф. Р. Сканке
_gПер. с нем. инж.-электр. И. Б. Мандельштама
210 _aЛенинград
_cИзд-во "Кубуч"
_d1933
_g2 тип. изд-ва Ленсовета и Облисполкома
215 _aПереплет, XVI, 452 с.
_cчерт.
_d23х15 см
300 _aДоб. тит. л.: "O.S. Bragstad, Prof.-Ing. e. h. (Drontheim). Theorie der Wechselstrommaschinen mit einer Einleitung in die Theorie der stationären Wechselstrome. Berlin 1932. Von Julius Springer Verlag"
700 1 _aБрагстад
_bО.С.
_gОле Сиверт
702 1 _aСканке
_bР.
_4570
702 1 _aМандельштам
_bИ.Б.
_4730
801 0 _aRU
_bNLR
_gpsbo
801 1 _aRU
_bELAR
_2rusmarc
852 _aNLR
_j33-4/1198
942 _cBOOK
980 _aNB